000 00314nam a22001457a 4500
003 SGT
020 _a81-86937-88-9
082 _a615.53
_bG16P
100 _aPANDEY, KAILASH PATI
245 _aGUNARATNAMALA
260 _aVARANASI
_bCHAUKHAMBHA PUB
_c2016
300 _a874
650 _aAYURVEDA
942 _2ddc
_cBK
999 _c14465
_d14465